<?xml version="1.0" encoding="UTF-8"?>
<collection xmlns="http://www.loc.gov/MARC21/slim">
 <record>
  <leader>00536pamaa2200181   4500</leader>
  <controlfield tag="001">0000040359</controlfield>
  <controlfield tag="005">20120126090000.0</controlfield>
  <datafield tag="020" ind1="0" ind2="0">
   <subfield code="a">0170122662 (pbk) </subfield>
  </datafield>
  <datafield tag="082" ind1=" " ind2=" ">
   <subfield code="a">338.5 GAN</subfield>
  </datafield>
  <datafield tag="090" ind1="0" ind2="0">
   <subfield code="a">HB172 </subfield>
   <subfield code="b">GAN 2005</subfield>
  </datafield>
  <datafield tag="100" ind1="1" ind2="0">
   <subfield code="a">GANS </subfield>
  </datafield>
  <datafield tag="245" ind1="1" ind2="0">
   <subfield code="a">Principles of Microeconomics  </subfield>
   <subfield code="c">Joshua Gans, Stephen King, N. Gregory Mankiw.</subfield>
  </datafield>
  <datafield tag="250" ind1="0" ind2="0">
   <subfield code="a">3rd ed.</subfield>
  </datafield>
  <datafield tag="260" ind1="0" ind2="0">
   <subfield code="a">South Melbourne, Victoria: </subfield>
   <subfield code="b">Thomson, </subfield>
   <subfield code="c">2005.</subfield>
  </datafield>
  <datafield tag="300" ind1=" " ind2=" ">
   <subfield code="a">xxx, 514p.: </subfield>
   <subfield code="b">ill.; </subfield>
   <subfield code="c">25 cm.</subfield>
  </datafield>
  <datafield tag="650" ind1="0" ind2="0">
   <subfield code="a">Microeconomics -- </subfield>
   <subfield code="x">Textbooks </subfield>
  </datafield>
  <datafield tag="700" ind1="1" ind2="1">
   <subfield code="a">King, </subfield>
   <subfield code="h">Stephen </subfield>
  </datafield>
  <datafield tag="700" ind1="1" ind2="1">
   <subfield code="a">Mankiw, </subfield>
   <subfield code="h">N. Gregory </subfield>
  </datafield>
 </record>
</collection>
